| 000 | 00000cam 2200000zi 4500 |
| 001 | 9.957533 |
| 003 | CaOODSP |
| 005 | 20260603105026 |
| 006 | m o d f |
| 007 | cr cn |||||||| |
| 008 | 251121e202511##onc o f000 0 fre d |
| 020 | |a9780660798509 |
| 040 | |aCaOODSP|bfre|erda|cCaOODSP |
| 043 | |an-cn--- |
| 086 | 1 |aT94-109/2025F-PDF |
| 245 | 00|aMaisons Canada guide du portail. |
| 246 | 17|aGuide du portail — novembre 2025 |
| 264 | 1|aOttawa (Ontario) : |bGouvernement du Canada = Governm,ent of Canada, |cnovembre 2025. |
| 264 | 4|c©2025 |
| 300 | |a1 ressource en ligne (9 pages) |
| 336 | |atexte|btxt|2rdacontent/fre |
| 337 | |ainformatique|bc|2rdamedia/fre |
| 338 | |aressource en ligne|bcr|2rdacarrier/fre |
| 500 | |aPublié aussi en anglais sous le titre : Build Canada Homes portal guidance. |
| 500 | |aTitre de la couverture. |
| 520 | |a« Grâce à votre compte sur le portail de Maisons Canada, vous pouvez soumettre une proposition à l’aide du formulaire pour les logements abordables, avec services de soutien et de transition. Le portail de Maisons Canada vous permet d’accéder au tableau de bord de votre organisation, aux propositions soumises et aux ressources en ligne »--page 5. |
| 650 | 6|aLogement|zCanada|xFinances. |
| 650 | 6|aLogement|zCanada|xPlanification. |
| 710 | 1 |aCanada. |bLogement, infrastructures et collectivités Canada, |eorganisme de publication. |
| 775 | 08|tBuild Canada Homes portal guidance.|w(CaOODSP)9.957532 |
| 856 | 40|qPDF|s375 Ko|uhttps://publications.gc.ca/collections/collection_2026/licc-hicc/T94-109-2025-fra.pdf |
| 856 | 4 |qHTML|sS.O.|uhttps://logement-infrastructure.canada.ca/bch-mc/resources-ressources/portal-guide-portail-fra.html |